Aadhunik Bharatiya rajnitik chintan (Record no. 34482)

MARC details
000 -LEADER
fixed length control field 00462nam a2200169Ia 4500
008 - FIXED-LENGTH DATA ELEMENTS--GENERAL INFORMATION
fixed length control field 230917s9999||||xx |||||||||||||| ||und||
020 ## - ISBN
Price RS235
040 ## - CATALOGING SOURCE
-- 256354
Original cataloging agency VIVEKANANDA LIBRARY
041 ## - Language
-- English
082 ## - DDC NUMBER
Classification number 320.509 V58A
100 ## - MAIN ENTRY--PERSONAL NAME
Personal name Verma, Vijay Kumar
245 #0 - TITLE STATEMENT
Title Aadhunik Bharatiya rajnitik chintan
260 ## - PUBLICATION, DISTRIBUTION, ETC. (IMPRINT)
Place of publication, distribution, etc Hyderabad
Name of publisher, distributor, etc Orient Blackswan
Date of publication, distribution, etc 2019
300 ## - PHYSICAL DESCRIPTION
Pages xvi, 256 p.
500 ## - GENERAL NOTE
General note 4366 14/01/2022 HBD19/7920 06/08/2019 Main Budget
942 ## - ADDED ENTRY ELEMENTS (KOHA)
Koha item type Books
Holdings
Withdrawn status Lost status Damaged status Not for loan Location (home branch) Sublocation or collection (holding branch) Date acquired Koha issues (times borrowed) Koha full call number Accession No. Koha date last seen Koha item type
        VIVEKANANDA LIBRARY VIVEKANANDA LIBRARY 13/09/2019   320.509 V58A 384102 17/09/2023 Books
        VIVEKANANDA LIBRARY VIVEKANANDA LIBRARY 13/09/2019   320.509 V58A 384103 17/09/2023 Books
        VIVEKANANDA LIBRARY VIVEKANANDA LIBRARY 13/09/2019   320.509 V58A 384104 17/09/2023 Books
        VIVEKANANDA LIBRARY VIVEKANANDA LIBRARY 13/09/2019   320.509 V58A 384105 17/09/2023 Books
        VIVEKANANDA LIBRARY VIVEKANANDA LIBRARY 13/09/2019   320.509 V58A 384106 17/09/2023 Books
© Designed and Maintained by Vivekananda Library, MDU Rohtak